1334 1489 1583 1293 1431 1280 1584 1595 1588 1166 1000 1241 1036 1745 1329 1241 1652 1063 1784 1825 1776 1447 1525 1204 1006 1958 1758 1301 1170 1918 1020 1163 1889 1907 1583 1888 1836 1719 1376 1474 1295 1389 1632 1847 1737 1302 1924 1430 1692 1485 1067 1635 1707 1264 1276 1465 1170 1624 1544 1604 1235 1038 1371 1971 1805 1338 1829 1776 1326 1618 1778 1174 1937 1750 1269 1761 1260 1662 1268 1695 1088 1945 1006 1451 1760 1936 1152 1486 1908 1569 1590 1681 1129 1482 1976 1470 1209 1980 1135 BCNSPRNW ULIB Ver.6.0+V

เปลี่ยนเป็นภาษาไทย

Change to English
 แสดงรายละเอียดบรรณานุกรม
  กลับหน้าหลัก

Brief Record : Get Marc (ISO 2709) : E-mail record : QR code < ปิดหน้าต่าง
LEADER : 00000nam 2200000uu 4500
001    13399113389
003     ULIB
008    111110s2551||||th 000 0 tha d
020    9789740561088
060  4 QZ202^bอ935
100 0  เอื้อมพร สกุลแก้ว
245 00 สารก่อมะเร็งต้องเลี่ยง/^cเอื้อมพร สกุลแก้ว
260    กรุงเทพฯ:^bใกล้หมอ,^c2551
300    145 หน้า
650  7 สารก่อมะเร็ง
945    ^p165^l0^i15129
995    กัณชพร
999    ^aใช้งานได้ทุกระบบ
รายการนี้ยังไม่มีแท็ก
คุณยังไม่ได้ล็อกอิน คุณสามารถมีกิจกรรมร่วมกับเว็บไซต์ได้ แต่ต้องล็อกอินก่อน ::
  ล็อกอิน

รายการสื่อสารสนเทศ

ลำดับที่ ประเภท เลขเรียก/บาร์โค้ด สถานที่ สถานะ
1. วิทยาศาสตร์การแพทย์ และสุขภาพ
วิทยาศาสตร์การแพทย์ และสุขภาพ
QZ202 อ935  
  Barcode: 15129
ห้องสมุดวิทยาเขตสวรรค์ประชารักษ์
►ส่วนจัดเก็บหนังสือเก่า สปร
บนชั้น
  ขอยืม

รายการใกล้เคียง
    ผู้แต่ง [เอื้อมพร สกุลแก้ว]

    หัวเรื่อง [สารก่อมะเร็ง]

BibComment


ยังไม่เคยถูกคอมเมนท์

คอมเมนท์ทรัพยากรรายการนี้
  คอมเมนท์: สารก่อมะเร็งต้องเ..


 Copyright 2026. Bcnsprnw @Library